000 00511nam a2200181 a 4500
001 37031
005 20180714005825.0
008 140415s1998 mx 000 0 spa d
020 _a968243498X
041 _aspa
082 _a658.15
_bARE
100 1 _aARENAS MARRUFO, PEDRO
245 1 0 _aGUIA DEL TESORERO :
_bPARA EMPRESAS PRIVADAS
250 _a1a ed.
260 _aMEXICO :
_bTRILLAS,
_c1998
300 _a114
650 1 4 _aCONTABILIDAD
_xORIENTACION PROFESIONAL
_xNEGOCIOS
_xCONTABILIDAD
999 _c37031
_d37031